Akta Dadah Berbahaya 1952 : (Record no. 1206)

000 -LEADER
fixed length control field nam a22 a 4500
003 - CONTROL NUMBER IDENTIFIER
control field AKMAL
005 - DATE AND TIME OF LATEST TRANSACTION
control field 20170508154214.0
008 - FIXED-LENGTH DATA ELEMENTS--GENERAL INFORMATION
fixed length control field 170508s1996 my l 00 may d
020 ## - INTERNATIONAL STANDARD BOOK NUMBER
International Standard Book Number 9678903530 (kkt.):
082 04 - DEWEY DECIMAL CLASSIFICATION NUMBER
Classification number 345.5950277 AKT
090 ## - LOCALLY ASSIGNED LC-TYPE CALL NUMBER (OCLC); LOCAL CALL NUMBER (RLIN)
Classification number (OCLC) (R) ; Classification number, CALL (RLIN) (NR) 345.5950277
Local cutter number (OCLC) ; Book number/undivided call number, CALL (RLIN) AKT
110 1# - MAIN ENTRY--CORPORATE NAME
Corporate name or jurisdiction name as entry element Malaysia
9 (RLIN) 400
240 1# - UNIFORM TITLE
Uniform title Akta Dadah Berbahaya 1952 (Akta 234)
245 10 - TITLE STATEMENT
Title Akta Dadah Berbahaya 1952 :
Remainder of title semua pindaan hingga 30 Jun 1996,
Statement of responsibility, etc. Lembaga Penyelidikan Undang-undang
260 ## - PUBLICATION, DISTRIBUTION, ETC.
Place of publication, distribution, etc. Kuala Lumpur :
Name of publisher, distributor, etc. International Law Book Services
Date of publication, distribution, etc. 1996
300 ## - PHYSICAL DESCRIPTION
Extent vi, 78ms. ;
Dimensions 26cm
650 ## - SUBJECT ADDED ENTRY--TOPICAL TERM
Topical term or geographic name entry element Drugs
General subdivision Law and legislation
Geographic subdivision Malaysia
9 (RLIN) 2109
650 ## - SUBJECT ADDED ENTRY--TOPICAL TERM
Topical term or geographic name entry element Drug abuse
General subdivision Law and legislation
Geographic subdivision Malaysia
9 (RLIN) 2420
942 ## - ADDED ENTRY ELEMENTS (KOHA)
Source of classification or shelving scheme
Koha item type Book
Holdings
Withdrawn status Lost status Source of classification or shelving scheme Damaged status Not for loan Collection code Home library Current library Shelving location Date acquired Inventory number Full call number Barcode Date last seen Price effective from Koha item type Public note
          NON-FICTION AKMAL Melaka AKMAL Melaka PINJAMAN 08.05.2017 002802 345.5950277 AKT 201702379 08.05.2017 08.05.2017 Book Dilupuskan.
Pusat Sumber Maklumat Dato' Haji Sarmin Md Hussin, Akademi Kastam Diraja Malaysia, Melaka
Tel: 06-2331106 | Faks: 06-2313787